| 000 | 00605nam a2200229Ia 4500 | ||
|---|---|---|---|
| 003 | OSt | ||
| 005 | 20221005133814.0 | ||
| 006 | a|||||r|||| 00| 0 | ||
| 007 | ta | ||
| 008 | 221004b |||||||| |||| 00| 0 pan d | ||
| 024 | _a27831 | ||
| 037 | _cTextual | ||
| 040 |
_aCRL _cCRL _bpan |
||
| 041 |
_2pan _apan |
||
| 082 | _aQ84419N, 153M4 | ||
| 100 | _aਨਾਗ, ਈFਰ ਸਿੰਘ | ||
| 245 | 0 | _aਪੰਥਕ ਮੁਕੱਦਮਾ | |
| 260 | _c1984 | ||
| 650 | _aਧਰਮ | ||
| 942 |
_hQ84419N, 153M4 _cTEXL _2cc |
||
| 999 |
_c1067931 _d1067931 |
||